000
00253nam a2200097Ia 4500
008
220216s9999 xx 000 0 und d
245
0
_a
Tyre industry: On to the fast lane
260
_b
Indian Rubber and Plastics Age
_c
1995
300
_a
17-24
942
_c
JS
999
_c
71662
_d
71662